Word Ladder: Tarot Deck Quiz Stats

 Plays Quiz Updated Feb 21, 2012

     
Support Sporcle.
Go Orange.
Score 0/26 Timer 03:00
0 Plays Today
Clue 4-Letter Word % Correct
12 inchesFOOT
97.9%
GiganticHUGE
93.8%
A deep audible sad breathSIGH
90.4%
Actor Laurie or GrantHUGH
90.4%
Tarot deck card: 'The ___ Priestess'HIGH
86.6%
A wild pigBOAR
85.9%
RippedTORN
83.2%
sporcle.com, e.g.SITE
82.5%
Fly to great altitudesSOAR
82.3%
A relative of the bobsleigh and the skeletonLUGE
81.7%
A follower of the dark side of the ForceSITH
81.4%
Not worth debating, like a pointMOOT
80.7%
What goes on the end of a fishing lineLURE
77.7%
Clue 4-Letter Word % Correct
Bugs, Elmer, or Tweety, e.g.TOON
77.7%
A person from IstanbulTURK
77.5%
Hide quietly in a chatroomLURK
75%
When tripled, a song by the ByrdsTURN
71.8%
The dawnMORN
69.3%
A small arachnidMITE
69.2%
Tarot deck card: 'The ___'MOON
64.9%
Sir Thomas, who wrote 'Utopia'MORE
61.3%
A rude personBOOR
60.5%
A timely blessing or benefitBOON
60.2%
Tarot deck card: 'The ___'FOOL
57.4%
A bog or marshMIRE
55.6%
Tarot deck card: 'The ___'STAR
26.8%

Today's Daily Dose

Missing Word
Brands of Alcohol

Word Ladder
A Little Room?

Get the Picture
SpongeBob Rivalry

From the Vault

Jumbled Sets II

by sproutcm

Jumble Jumble toil and trouble...
Remove Ads.
Support Sporcle.
Get the best of Sporcle when you Go Orange. This ad-free experience offers more features, more stats, and more fun while also helping to support Sporcle. Thank you for becoming a member.

Show Comments

Extras

Top Quizzes Today


Score Distribution

Your Account Isn't Verified!

In order to create a playlist on Sporcle, you need to verify the email address you used during registration. Go to your Sporcle Settings to finish the process.

Report this User

Report this user for behavior that violates our Community Guidelines.

Details: